Countries with the most total debt - Statistics

General Stats
  • This quiz has been taken 57 times
  • The average score is 15 of 20
Answer Stats
Total Debt ($) Answer % Correct
2.52 trillion China
98%
7.12 trillion Germany
98%
8.19 trillion France
95%
4.63 trillion Japan
95%
25.8 trillion United States
95%
1.49 trillion Brazil
93%
2.93 trillion Italy
93%
10.5 trillion United Kingdom
93%
2.87 trillion Spain
89%
1.95 trillion Australia
86%
3.17 trillion Canada
86%
880 billion Mexico
84%
1.12 trillion Sweden
77%
4.4 trillion Netherlands
70%
1.65 trillion Belgium
64%
756 billion Austria
57%
2.32 trillion Switzerland
48%
3.31 trillion Ireland
43%
2.15 trillion Singapore
30%
3.93 trillion Luxembourg
20%
No matching quizzes found
Score Distribution
Percent of People with Each Score
Percentile by Number Answered
Your Score History
You have not taken this quiz